| 000 | 00835nam a2200229 a 4500 | ||
|---|---|---|---|
| 005 | 20231020064001.0 | ||
| 008 | 991125m19701978mx 000 0 spa u | ||
| 020 | _a9682302455 | ||
| 035 | _aUPN01000056157 | ||
| 049 | _aCG | ||
| 050 | 4 |
_aPG2942 _bT4.48 |
|
| 245 | 0 | 0 |
_aTeoría de la literatura de los formalistas rusos / _cpor Jakobson ... [et al.] ; antología preparada y presentada por Tzvetan Todorov ; tr. Ana María Nethal. |
| 260 |
_aMéxico : _bSiglo XXI, _c1970 (1978 impr.). |
||
| 300 | _a235 p. | ||
| 440 | 0 | _aCrítica literaria | |
| 534 |
_pTraducción de: _tThéorie de la literature |
||
| 650 | 4 |
_aLITERATURA RUSA - _xHISTORIA Y CRITICA _919433 |
|
| 650 | 4 |
_aLiteratura rusa _ySiglo XX _919434 |
|
| 700 | 1 |
_aJakobson, Roman, _d1896-1982 _ecoaut. _941239 |
|
| 700 | 1 |
_aTodorov, Tzvetan, _d1939- _ecomp. |
|
| 905 | _aLibro | ||
| 999 |
_c56157 _d56157 |
||